[Event "10th Asia-ch (women)"]
[Site "Kozhikode IND"]
[Date "2003.08.21"]
[Round "5.17"]
[White "Sangeetha, M. R."]
[Black "Nguyen Thi Thanh An"]
[Result "0-1"]
[WhiteElo "2100"]
[BlackElo "2335"]
[EventDate "2003.08.17"]
[PlyCount "106"]

1.c4 g6 2.Nc3 Bg7 3.g3 d6 4.Bg2 e5 5.d3 Nc6 6.Nf3 Nf6 7.O-O O-O 8.Rb1 a5 
9.a3 h6 10.b4 axb4 11.axb4 Be6 12.b5 Ne7 13.e4 Nh5 14.Ne1 Kh7 15.Nc2 Qd7 
16.Nd5 Nc8 17.Bf3 Nf6 18.Nxf6+ Bxf6 19.Ne3 Bg7 20.g4 c6 21.bxc6 bxc6 22.
Qb3 Ra7 23.Bd2 Bf6 24.Qc2 Bg5 25.h3 h5 26.Kg2 f5 27.exf5 gxf5 28.Nxf5 Bxf5
29.gxf5 Bxd2 30.Qxd2 Qe7 31.Kh2 Qh4 32.Rg1 Ne7 33.Qg5 Nxf5 34.Qxh4 Nxh4 
35.Be4+ Kh6 36.Bxc6 Rxf2+ 37.Kg3 Rf4 38.Rgf1 Nf5+ 39.Kh2 Ra2+ 40.Kg1 Nd4 
41.Rxf4 exf4 42.Rb6 Kg5 43.Be4 Ne2+ 44.Kf2 Nd4+ 45.Kf1 Ra1+ 46.Kf2 Ra2+ 
47.Kf1 f3 48.Rxd6 Kf4 49.Rf6+ Ke3 50.Kg1 Rg2+ 51.Kf1 Rf2+ 52.Kg1 Ne2+ 53.
Kh1 Ng3+ 0-1

[Event "10th Asia-ch (women)"]
[Site "Kozhikode IND"]
[Date "2003.08.21"]
[Round "5.18"]
[White "Malinicheva, Lidia"]
[Black "Parveen, Seyda Shabana"]
[Result "0-1"]
[WhiteElo "2126"]
[BlackElo "2140"]
[EventDate "2003.08.17"]
[PlyCount "121"]

1.e4 e5 2.Nf3 Nf6 3.Nc3 Bb4 4.Bc4 Nc6 5.d3 Bxc3+ 6.bxc3 h6 7.Bb5 d6 8.
Bxc6+ bxc6 9.Nd2 Bg4 10.f3 Bh5 11.O-O O-O 12.Nc4 Re8 13.Qe1 d5 14.Ne3 Bg6 
15.Rb1 Nh5 16.g3 Nf6 17.Ba3 h5 18.Qf2 Qd7 19.Rb7 Reb8 20.Rfb1 Qc8 21.R7b3 
Rxb3 22.Rxb3 Rb8 23.Bb4 Qe6 24.Ng2 Rb7 25.Ne3 Nd7 26.Nf1 f5 27.Nd2 a6 28.
Ra3 fxe4 29.dxe4 dxe4 30.Rxa6 Kh7 31.Ra5 Nf6 32.Nxe4 Nxe4 33.fxe4 Rb8 34.
Qe2 Rd8 35.Bc5 Qd7 36.Be3 Qe6 37.Bg5 Rb8 38.Kg2 Rb2 39.Ra8 Rxa2 40.Rxa2 
Qxa2 41.Kf3 Qb1 42.Ke3 Qc1+ 43.Qd2 Qg1+ 44.Kd3 Bf7 45.Qe2 Kg6 46.Bd8 Qc5 
47.Kd2 Bc4 48.Qf3 Qd6+ 49.Ke1 Qxd8 50.Qf5+ Kh6 51.Qxe5 Qd6 52.Qf5 Be6 53.
Qf2 Bg4 54.Qe3+ Kh7 55.Qd3 Qe5 56.h4 Bf5 57.Kd2 Qxe4 58.Qxe4 Bxe4 59.c4 
Kg6 60.c3 c5 61.Ke3 0-1

[Event "10th Asia-ch (women)"]
[Site "Kozhikode IND"]
[Date "2003.08.21"]
[Round "5.19"]
[White "Mohota, Swathi"]
[Black "Lakshmi, Praneetha"]
[Result "1-0"]
[WhiteElo "2104"]
[BlackElo "2005"]
[EventDate "2003.08.17"]
[PlyCount "87"]

1.d4 Nf6 2.c4 g6 3.Nc3 Bg7 4.e4 d6 5.f3 O-O 6.Be3 Nc6 7.Nge2 a6 8.Qd2 Rb8 
9.h4 h5 10.O-O-O b5 11.Bh6 Bxh6 12.Qxh6 bxc4 13.g4 Bxg4 14.fxg4 Nxg4 15.
Qf4 e5 16.Qf3 Nb4 17.Ng3 exd4 18.Rxd4 Ne5 19.Qf4 c5 20.Rd2 Qa5 21.a3 Nbd3+
22.Bxd3 Nxd3+ 23.Rxd3 cxd3 24.Nxh5 Rxb2 25.Nd5 Rc2+ 26.Kd1 Rd8 27.Qh6 Rd2+
28.Qxd2 Qxd2+ 29.Kxd2 gxh5 30.Kxd3 Rb8 31.Kc3 Kg7 32.Rg1+ Kh6 33.Nf6 a5 
34.Rg3 a4 35.Kc4 Rb2 36.Nd5 Rh2 37.Ne3 Rd2 38.Nf5+ Kh7 39.Rd3 Rh2 40.Kb5 
Re2 41.Nxd6 Kg6 42.Kxa4 c4 43.Rc3 Kf6 44.Rxc4 1-0

[Event "10th Asia-ch (women)"]
[Site "Kozhikode IND"]
[Date "2003.08.22"]
[Round "6.2"]
[White "Xu Yuanyuan"]
[Black "Vijayalakshmi, Subbaraman"]
[Result "1-0"]
[WhiteElo "2347"]
[BlackElo "2435"]
[EventDate "2003.08.17"]
[PlyCount "55"]

1.d4 Nf6 2.c4 e6 3.Nc3 Bb4 4.Qc2 O-O 5.e4 c5 6.e5 cxd4 7.a3 Qa5 8.axb4 
Qxa1 9.exf6 dxc3 10.fxg7 Re8 11.bxc3 b5 12.cxb5 a5 13.Bd3 axb4 14.Ne2 f5 
15.O-O Qa2 16.Bb2 Qa4 17.Qd2 bxc3 18.Nxc3 Qg4 19.Be2 Qg6 20.Bf3 Ra7 21.Nd5
exd5 22.Bxd5+ Qe6 23.Re1 Rb7 24.Rxe6 dxe6 25.Bxb7 Bxb7 26.Qd6 Bd5 27.h4 
Bc4 28.Ba3 1-0

[Event "10th Asia-ch (women)"]
[Site "Kozhikode IND"]
[Date "2003.08.22"]
[Round "6.4"]
[White "Zhang Jilin"]
[Black "Wang Yu"]
[Result "1/2-1/2"]
[WhiteElo "2300"]
[BlackElo "2357"]
[EventDate "2003.08.17"]
[PlyCount "33"]

1.e4 e5 2.Nf3 Nc6 3.Bb5 a6 4.Ba4 Nf6 5.O-O Be7 6.Re1 b5 7.Bb3 d6 8.c3 O-O 
9.h3 Na5 10.Bc2 c5 11.d4 Qc7 12.Nbd2 Rd8 13.d5 c4 14.Nf1 Nb7 15.Be3 Nc5 
16.Ng3 a5 17.Nd2 1/2-1/2

[Event "10th Asia-ch (women)"]
[Site "Kozhikode IND"]
[Date "2003.08.22"]
[Round "6.5"]
[White "Ramaswamy, Aarthie"]
[Black "Le Kieu Thien Kim"]
[Result "1/2-1/2"]
[WhiteElo "2316"]
[BlackElo "2316"]
[EventDate "2003.08.17"]
[PlyCount "54"]

1.e4 e5 2.Nf3 Nf6 3.Nxe5 d6 4.Nf3 Nxe4 5.d4 d5 6.Bd3 Nc6 7.O-O Be7 8.c4 
Nb4 9.Be2 O-O 10.Nc3 Bf5 11.a3 Nxc3 12.bxc3 Nc6 13.Re1 Re8 14.Bf4 Rc8 15.
Qa4 a6 16.cxd5 Qxd5 17.Bc4 Qd7 18.Qb3 Bd6 19.Bxd6 cxd6 20.Bd5 h6 21.h3 Qc7
22.Rac1 Rxe1+ 23.Rxe1 Na5 24.Qb4 Nc6 25.Qb3 Na5 26.Qb4 Nc6 27.Qb3 Na5 
1/2-1/2

[Event "10th Asia-ch (women)"]
[Site "Kozhikode IND"]
[Date "2003.08.22"]
[Round "6.6"]
[White "Hoang Thanh Trang"]
[Black "Swathi, Ghate"]
[Result "1-0"]
[WhiteElo "2458"]
[BlackElo "2299"]
[EventDate "2003.08.17"]
[PlyCount "91"]

1.d4 d5 2.c4 c6 3.Nf3 Nf6 4.Nc3 e6 5.e3 Nbd7 6.Bd3 dxc4 7.Bxc4 b5 8.Be2 
Bb7 9.O-O a6 10.e4 c5 11.e5 Nd5 12.a4 Nxc3 13.bxc3 c4 14.Bg5 Qc8 15.Qc2 h6
16.Bh4 Nb6 17.axb5 axb5 18.Nd2 Nd5 19.Bf3 g5 20.Bg3 Be7 21.Rxa8 Bxa8 22.
Ne4 O-O 23.Nd6 Qd7 24.Rb1 Bc6 25.Bxd5 exd5 26.Nf5 Qe6 27.f4 Ra8 28.fxg5 
Bxg5 29.Rf1 Qg6 30.h4 Bd8 31.Qe2 h5 32.Kh2 Bd7 33.Nd6 Be6 34.Nxb5 Rb8 35.
Nd6 Rb3 36.Be1 Be7 37.Ne8 Bf5 38.Qd2 Rb8 39.Nd6 Be6 40.Rf3 Rb1 41.Nxf7 Bg4
42.Nh6+ Kh8 43.Rf7 Ba3 44.Rf6 Qg7 45.Bg3 Bc1 46.Qa2 1-0

[Event "10th Asia-ch (women)"]
[Site "Kozhikode IND"]
[Date "2003.08.22"]
[Round "6.8"]
[White "Shahnaz, Safira"]
[Black "Tania, Sachdev"]
[Result "1/2-1/2"]
[WhiteElo "2120"]
[BlackElo "2206"]
[EventDate "2003.08.17"]
[PlyCount "94"]

1.d4 Nf6 2.Nf3 e6 3.c4 Bb4+ 4.Bd2 Qe7 5.g3 O-O 6.Bg2 d5 7.Qc2 Ne4 8.Bxb4 
Qxb4+ 9.Nbd2 Nxd2 10.Nxd2 c6 11.O-O Nd7 12.a3 Qe7 13.e4 dxe4 14.Nxe4 Nf6 
15.Rfe1 Rb8 16.Rad1 Bd7 17.Nc5 b5 18.cxb5 Rxb5 19.Nxd7 Qxd7 20.Bxc6 Qc7 
21.Rc1 Rb6 22.Bg2 Qxc2 23.Rxc2 h5 24.Ree2 Rd8 25.Red2 Rbd6 26.Rc7 a6 27.
Rc6 e5 28.Rxd6 Rxd6 29.d5 e4 30.b4 Kf8 31.Kf1 Ke7 32.Rd4 Kd7 33.Ke1 Kc7 
34.h3 Kb6 35.Kd2 a5 36.Bxe4 Nxe4+ 37.Rxe4 Rxd5+ 38.Kc3 axb4+ 39.axb4 Kb5 
40.Re7 Rf5 41.Re2 h4 42.gxh4 Rf3+ 43.Re3 Rxf2 44.Re5+ Kb6 45.Rg5 Rf3+ 46.
Kc4 Rf4+ 47.Kb3 Rxh4 1/2-1/2

[Event "10th Asia-ch (women)"]
[Site "Kozhikode IND"]
[Date "2003.08.22"]
[Round "6.9"]
[White "Wang Pin"]
[Black "Thipsay, Bagyashree Sathe"]
[Result "0-1"]
[WhiteElo "2465"]
[BlackElo "2225"]
[EventDate "2003.08.17"]
[PlyCount "68"]

1.e4 c6 2.d4 d5 3.Nc3 dxe4 4.Nxe4 Nd7 5.Ng5 Ngf6 6.Bd3 e6 7.N1f3 Bd6 8.Qe2
h6 9.Ne4 Nxe4 10.Qxe4 Qc7 11.Qg4 Kf8 12.O-O c5 13.dxc5 Nxc5 14.Be3 Bd7 15.
Rfe1 Nxd3 16.cxd3 g5 17.Rac1 Bc6 18.Bd4 Rg8 19.Ne5 Bxe5 20.Bxe5 Qa5 21.Bc3
Qb6 22.Qg3 Qd8 23.h4 Qe7 24.h5 f6 25.d4 Rd8 26.Qe3 Kf7 27.f3 Qd6 28.b3 
Rde8 29.Bb2 g4 30.d5 exd5 31.Qxh6 Rxe1+ 32.Rxe1 gxf3 33.a4 Rxg2+ 34.Kf1 
Rg1+ 0-1

[Event "10th Asia-ch (women)"]
[Site "Kozhikode IND"]
[Date "2003.08.22"]
[Round "6.10"]
[White "Sergeeva, Maria"]
[Black "Kavitha, J. E."]
[Result "1-0"]
[WhiteElo "2356"]
[BlackElo "2066"]
[EventDate "2003.08.17"]
[PlyCount "109"]

1.e4 c5 2.Nf3 e6 3.d4 cxd4 4.Nxd4 Nc6 5.Nc3 a6 6.Be3 Qc7 7.Bd3 Nf6 8.O-O 
Ne5 9.h3 Bc5 10.Kh1 d6 11.f4 Ng6 12.Qe1 O-O 13.f5 Ne5 14.Qh4 b5 15.Rf3 
Nxf3 16.gxf3 Ne8 17.Rg1 f6 18.fxe6 Bxd4 19.Nd5 Bxe3 20.e5 f5 21.Nxc7 Nxc7 
22.Re1 Nxe6 23.Rxe3 d5 24.Qe7 g6 25.Re1 Ng7 26.Qb4 Be6 27.a4 bxa4 28.Qxa4 
a5 29.Ra1 Rfb8 30.b3 Rb4 31.Qc6 Rc8 32.Qd6 Rb7 33.Rxa5 Kf7 34.Qa3 Rcc7 35.
Ra8 Ne8 36.b4 d4 37.b5 Bd5 38.Kg2 Rd7 39.Rc8 Re7 40.Qb4 Be6 41.Bc4 Nc7 42.
b6 Nd5 43.Bxd5 Bxd5 44.Qxd4 Be6 45.Rc6 Red7 46.Rd6 Re7 47.c4 Re8 48.Rd8 
Rxd8 49.Qxd8 Bxc4 50.Qf6+ Kg8 51.Qc6 Ba6 52.e6 Kf8 53.Qd6+ Kg8 54.Qd8+ Kg7
55.e7 1-0

[Event "10th Asia-ch (women)"]
[Site "Kozhikode IND"]
[Date "2003.08.22"]
[Round "6.11"]
[White "Ruan Lufei"]
[Black "Shen Yang"]
[Result "1/2-1/2"]
[WhiteElo "2307"]
[BlackElo "2113"]
[EventDate "2003.08.17"]
[PlyCount "86"]

1.e4 e5 2.Nf3 Nc6 3.d4 exd4 4.Nxd4 Bc5 5.Be3 Qf6 6.c3 Nge7 7.Bc4 Ne5 8.Be2
Qg6 9.O-O d6 10.f3 O-O 11.Nd2 d5 12.Kh1 dxe4 13.fxe4 Bb6 14.Bf4 Ng4 15.Nc4
Nf6 16.Nxb6 cxb6 17.Bd3 Bg4 18.e5 Bxd1 19.Bxg6 Nxg6 20.exf6 Bg4 21.Bg5 
Rfe8 22.fxg7 Kxg7 23.Bf6+ Kg8 24.Rae1 Bd7 25.Rxe8+ Rxe8 26.h3 Re4 27.Nf3 
h6 28.Rd1 Bc6 29.Nd4 Nf4 30.Kh2 Bd7 31.Nf3 Bc6 32.Rd8+ Re8 33.Rxe8+ Bxe8 
34.Ne5 b5 35.Ng4 Kh7 36.Bd4 Bc6 37.Ne5 Bd5 38.g3 Nh5 39.Bxa7 Bxa2 40.Be3 
Ng7 41.g4 f5 42.Nf3 fxg4 43.hxg4 Ne6 1/2-1/2

[Event "10th Asia-ch (women)"]
[Site "Kozhikode IND"]
[Date "2003.08.22"]
[Round "6.12"]
[White "Prathiba, Yuvarajan"]
[Black "Nguyen Thi Thanh An"]
[Result "1/2-1/2"]
[WhiteElo "2185"]
[BlackElo "2335"]
[EventDate "2003.08.17"]
[PlyCount "311"]

1.e4 c6 2.d4 d5 3.Nd2 dxe4 4.Nxe4 Nd7 5.Nf3 Ngf6 6.Ng3 e6 7.Bd3 c5 8.c3 
cxd4 9.Nxd4 Be7 10.O-O O-O 11.Re1 Re8 12.Qe2 Nf8 13.Be3 a6 14.Rad1 Qc7 15.
Bg5 Bd7 16.Qf3 Ng6 17.Bc2 Rad8 18.h4 Nf8 19.h5 Qa5 20.Bh4 h6 21.Bb3 Bc8 
22.Re2 Nxh5 23.Nxh5 Bxh4 24.Rde1 g6 25.Re5 Qc7 26.Qg4 Qe7 27.Nf5 exf5 28.
Rxe7 Rxe7 29.Bxf7+ Kh7 30.Bxg6+ Nxg6 31.Rxe7+ Bxe7 32.Qc4 Ne5 33.Qe2 Bd6 
34.Nf6+ Kg6 35.Qh5+ Kg7 36.Ne8+ Kf8 37.Nxd6 Rxd6 38.Qe2 Nf7 39.Qc4 Be6 40.
Qb4 b6 41.c4 Ke7 42.c5 bxc5 43.Qxc5 Ng5 44.Qe5 Nf7 45.Qe3 Kf6 46.a4 Rd1+ 
47.Kh2 Rd6 48.b4 Bd7 49.Qc3+ Ke7 50.Qc5 Bxa4 51.Qxf5 Bb5 52.Qe4+ Re6 53.
Qd4 Rc6 54.Qe3+ Kf8 55.f4 Kg7 56.Qd4+ Kg6 57.Qe4+ Kf6 58.g4 Rc4 59.Qf5+ 
Kg7 60.g5 hxg5 61.fxg5 Rc6 62.Qf4 Rg6 63.Qd4+ Kg8 64.Kg3 Rxg5+ 65.Kf4 Rg6 
66.Kf5 Rc6 67.Qa7 Nd6+ 68.Kg5 Kf8 69.Kf4 Ke8 70.Ke5 Nc4+ 71.Kf5 Nb6 72.
Qb8+ Kd7 73.Ke5 Nc8 74.Qb7+ Kd8 75.Qg7 Ne7 76.Qh8+ Kd7 77.Qh3+ Kc7 78.Qh7 
Kd7 79.Qh3+ Ke8 80.Qh8+ Kf7 81.Qh7+ Kf8 82.Qh8+ Ng8 83.Qh4 Kg7 84.Qd8 Kf7 
85.Qh4 Re6+ 86.Kd4 Nf6 87.Qf4 Re4+ 88.Qxe4 Nxe4 89.Kxe4 Ke6 90.Kd4 Kf5 91.
Kc3 Ke4 92.Kb3 Kd3 93.Kb2 Kc4 94.Ka2 Kc3 95.Kb1 Bc4 96.Ka1 Kb3 97.Kb1 Bd3+
98.Ka1 Be2 99.Kb1 Bf3 100.Ka1 Kc2 101.Ka2 Bd5+ 102.Ka1 Bc6 103.Ka2 Bb5 
104.Ka1 Bd3 105.Ka2 Kc3 106.Ka1 Be4 107.Ka2 Bd5+ 108.Ka1 Bc4 109.Kb1 Kb3 
110.Ka1 Bd5 111.Kb1 Bb7 112.Ka1 Be4 113.b5 a5 114.b6 Bb7 115.Kb1 Ka3 116.
Ka1 a4 117.Kb1 Bd5 118.Ka1 Kb3 119.Kb1 Be4+ 120.Ka1 Kb4 121.Ka2 Kb5 122.
Ka3 Bd5 123.Kb2 Kxb6 124.Ka3 Ka5 125.Kb2 Kb4 126.Kb1 Kc3 127.Ka1 Kd2 128.
Kb2 Bb3 129.Kb1 Bd1 130.Kb2 Bc2 131.Ka2 Kc1 132.Ka1 Bd1 133.Ka2 Kc2 134.
Ka1 Kc1 135.Ka2 Bb3+ 136.Ka1 Bc2 137.Ka2 Bd3 138.Ka3 Bb5 139.Ka2 Bc4+ 140.
Ka1 Bb5 141.Ka2 Bc6 142.Ka1 Kc2 143.Ka2 Bd5+ 144.Ka1 Kb3 145.Kb1 Ka3 146.
Ka1 Bc4 147.Kb1 Ba2+ 148.Ka1 Be6 149.Kb1 Kb3 150.Ka1 a3 151.Kb1 a2+ 152.
Ka1 Kb4 153.Kb2 Bb3 154.Ka1 Kc4 155.Kb2 Kd3 156.Ka1 1/2-1/2

[Event "10th Asia-ch (women)"]
[Site "Kozhikode IND"]
[Date "2003.08.22"]
[Round "6.13"]
[White "Priya, P."]
[Black "Mohota, Nisha"]
[Result "0-1"]
[WhiteElo "2091"]
[BlackElo "2321"]
[EventDate "2003.08.17"]
[PlyCount "80"]

1.e4 Nf6 2.e5 Nd5 3.d4 d6 4.Nf3 Bg4 5.Be2 e6 6.O-O Be7 7.c4 Nb6 8.Nc3 O-O 
9.Be3 d5 10.c5 Bxf3 11.Bxf3 Nc4 12.b3 Nxe3 13.fxe3 Nc6 14.a3 Bg5 15.Qd3 
Na5 16.Nd1 b6 17.cxb6 axb6 18.e4 c6 19.Ne3 Nxb3 20.Qxb3 dxe4 21.Bg4 Qxd4 
22.Rfe1 Qxe5 23.Kh1 b5 24.Rac1 Ra6 25.Rc3 Rfa8 26.Qc2 Rxa3 27.Rxa3 Rxa3 
28.Qxc6 g6 29.Nc2 Rc3 30.Qa8+ Kg7 31.Bd1 f5 32.Qb7+ Rc7 33.Qb6 Rd7 34.Be2 
Rd2 35.Qb7+ Kh6 36.Qc8 Be7 37.Qc6 b4 38.Ne3 Rxe2 39.Nxf5+ exf5 40.Qc1+ Bg5
0-1

[Event "10th Asia-ch (women)"]
[Site "Kozhikode IND"]
[Date "2003.08.22"]
[Round "6.15"]
[White "Tian Tian"]
[Black "Karavade, Eesha"]
[Result "1-0"]
[WhiteElo "2300"]
[BlackElo "2218"]
[EventDate "2003.08.17"]
[PlyCount "125"]

1.e4 c5 2.Nc3 d6 3.g3 Nc6 4.Bg2 g6 5.d3 Bg7 6.Be3 e6 7.Qd2 Rb8 8.Nf3 Nd4 
9.O-O Ne7 10.Nh4 O-O 11.f4 b6 12.Nd1 f5 13.c3 Ndc6 14.Bf2 Bb7 15.Re1 e5 
16.Nf3 fxe4 17.dxe4 exf4 18.gxf4 Qc7 19.Bg3 Nd8 20.Nf2 Nf7 21.Ng4 Rbd8 22.
Qc2 Bc8 23.Ne3 Kh8 24.Rad1 Nh6 25.Qe2 Ng4 26.Qc4 Nxe3 27.Rxe3 Nc6 28.Ng5 
Rde8 29.Qd5 h6 30.Nf3 Rd8 31.Qd2 Qf7 32.Qd5 Qxd5 33.exd5 Nb8 34.Nh4 Rf6 
35.Rde1 Bd7 36.Be4 Be8 37.Bxg6 Bxg6 38.Nxg6+ Rxg6 39.Re8+ Rxe8 40.Rxe8+ 
Kh7 41.Rxb8 h5 42.Kf2 Bf6 43.Rb7+ Kg8 44.Kf3 Rg7 45.Rxg7+ Kxg7 46.f5 Be7 
47.Ke4 Bf8 48.Bh4 Kf7 49.Kf4 Bh6+ 50.Ke4 b5 51.Bg3 Bf8 52.Bf4 Be7 53.h4 
Bxh4 54.Bxd6 c4 55.Be5 Bd8 56.d6 h4 57.Kd5 h3 58.d7 Ke7 59.Kc6 a6 60.Bd6+ 
Kf7 61.Kb7 Kf6 62.Kc8 Bb6 63.Bc7 1-0

[Event "10th Asia-ch (women)"]
[Site "Kozhikode IND"]
[Date "2003.08.22"]
[Round "6.16"]
[White "Chandra Hawsa, Koneru"]
[Black "Parveen, Seyda Shabana"]
[Result "1-0"]
[WhiteElo "2193"]
[BlackElo "2140"]
[EventDate "2003.08.17"]
[PlyCount "77"]

1.d4 d5 2.Nf3 c6 3.e3 Nf6 4.c4 Bg4 5.cxd5 cxd5 6.Qb3 Qb6 7.Qxb6 axb6 8.Ne5
Bf5 9.Bb5+ Nbd7 10.Nc3 e6 11.g4 Bxg4 12.Bxd7+ Nxd7 13.Nxg4 f6 14.f3 Bb4 
15.Bd2 Kf7 16.Nb5 Be7 17.Ke2 Rhc8 18.a3 e5 19.Rhc1 h5 20.Nf2 exd4 21.exd4 
Rc6 22.Kd3 Nf8 23.Rc3 Rxc3+ 24.Nxc3 Rd8 25.Ne2 g5 26.f4 Kg6 27.Re1 Bd6 28.
fxg5 fxg5 29.Rg1 Ne6 30.Nh3 g4 31.Nhf4+ Nxf4+ 32.Bxf4 Bxf4 33.Nxf4+ Kh6 
34.Re1 Rf8 35.Nxd5 h4 36.Re6+ Kg5 37.Re5+ Kh6 38.Ne3 Rf3 39.Re4 1-0

[Event "10th Asia-ch (women)"]
[Site "Kozhikode IND"]
[Date "2003.08.22"]
[Round "6.17"]
[White "Saimeera Ravi"]
[Black "Mohota, Swathi"]
[Result "1-0"]
[WhiteElo "2172"]
[BlackElo "2104"]
[EventDate "2003.08.17"]
[PlyCount "127"]

1.e4 c6 2.d4 d5 3.exd5 cxd5 4.c4 Nf6 5.Nc3 e6 6.Nf3 Be7 7.cxd5 Nxd5 8.Bd3 
Nc6 9.O-O O-O 10.Re1 Bf6 11.Be4 Nce7 12.Ne5 Bd7 13.Qd3 h6 14.Qh3 Bxe5 15.
dxe5 f5 16.exf6 Rxf6 17.Bd2 Bc6 18.Re2 Qb6 19.Rae1 Raf8 20.Bxd5 Nxd5 21.
Ne4 Rf5 22.Qg3 Nf4 23.Bxf4 Rxf4 24.Nc3 Bd5 25.Qe3 Qxe3 26.fxe3 R4f6 27.
Nxd5 exd5 28.Rd2 Rf5 29.Red1 Re5 30.Rd3 Rf7 31.Rc1 b6 32.h3 Kh7 33.Rc6 Rd7
34.Rcc3 Re4 35.Rc2 d4 36.Rcd2 dxe3 37.Rxd7 exd2 38.Rxd2 Kg6 39.Kf2 Kf6 40.
Kf3 Rb4 41.b3 a5 42.Rd6+ Kf7 43.Ke3 a4 44.Rd4 Rxd4 45.Kxd4 axb3 46.axb3 
Ke6 47.Ke4 b5 48.g3 g6 49.g4 Kd6 50.Kd4 g5 51.b4 Kc6 52.Ke5 Kb6 53.Kd6 Kb7
54.Kc5 Ka6 55.Kc6 Ka7 56.Kxb5 Kb7 57.Kc5 Kc7 58.b5 Kb7 59.b6 Kb8 60.Kc6 
Kc8 61.b7+ Kb8 62.Kb6 h5 63.gxh5 g4 64.h6 1-0

[Event "10th Asia-ch (women)"]
[Site "Kozhikode IND"]
[Date "2003.08.22"]
[Round "6.18"]
[White "Gokhale, Anupama"]
[Black "Sangeetha, M. R."]
[Result "1-0"]
[WhiteElo "2253"]
[BlackElo "2100"]
[EventDate "2003.08.17"]
[PlyCount "83"]

1.d4 Nf6 2.c4 e6 3.g3 Be7 4.Bg2 d5 5.Nf3 O-O 6.O-O Ne4 7.b3 b6 8.Qc2 Bb7 
9.cxd5 exd5 10.Ne5 f6 11.Nd3 Bd6 12.Nc3 Nxc3 13.Qxc3 Qe7 14.Bf4 Nd7 15.
Bxd6 Qxd6 16.Rac1 Rac8 17.Rfd1 c6 18.e3 Rfe8 19.Bh3 Rc7 20.Rd2 g6 21.Qb4 
c5 22.Qa3 f5 23.Bg2 Rec8 24.Rcd1 g5 25.Rc2 Kf7 26.Ne1 Ke6 27.dxc5 bxc5 28.
e4 fxe4 29.Bxe4 Nf6 30.Bg2 Qa6 31.Qc1 h6 32.Bh3+ g4 33.Bf1 Qd6 34.Re2+ Kf5
35.Ng2 Kg6 36.Nh4+ Kh5 37.Bg2 d4 38.Rde1 Nh7 39.Re6 Qf8 40.Ng6 Qf5 41.Nf4+
Kg5 42.Nh3+ 1-0

[Event "10th Asia-ch (women)"]
[Site "Kozhikode IND"]
[Date "2003.08.22"]
[Round "6.19"]
[White "Lakshmi, Praneetha"]
[Black "Malinicheva, Lidia"]
[Result "1-0"]
[WhiteElo "2005"]
[BlackElo "2126"]
[EventDate "2003.08.17"]
[PlyCount "70"]

1.e4 c5 2.Nc3 Nc6 3.f4 g6 4.Nf3 Bg7 5.Be2 d6 6.O-O Bd7 7.d3 Rb8 8.Qe1 b5 
9.Bd1 b4 10.Nd5 e6 11.Ne3 Nge7 12.Qh4 Nc8 13.Qg3 Nd4 14.Bd2 Bb5 15.f5 O-O 
16.Ng5 h6 17.Ng4 exf5 18.exf5 hxg5 19.f6 Ne7 20.fxg7 Kxg7 21.Bxg5 f5 22.
Qh4 Rh8 23.Bf6+ Kf7 24.Bxh8 Qxh8 25.Nh6+ Ke8 26.Re1 Qg7 27.c3 bxc3 28.bxc3
Nc6 29.Bf3 Kd7 30.Rab1 Bxd3 31.Rxe7+ Nxe7 32.Rxb8 g5 33.Qh5 Ke6 34.Rb7 d5 
35.Ng8 Qxg8 1-0

[Event "10th Asia-ch (women)"]
[Site "Kozhikode IND"]
[Date "2003.08.23"]
[Round "7.1"]
[White "Humpy, Koneru"]
[Black "Zhao Xue"]
[Result "1-0"]
[WhiteElo "2468"]
[BlackElo "2467"]
[EventDate "2003.08.17"]
[PlyCount "103"]

1.Nf3 Nf6 2.g3 d5 3.Bg2 c5 4.O-O Nc6 5.d4 e6 6.c4 dxc4 7.Qa4 Bd7 8.Qxc4 
cxd4 9.Nxd4 Rc8 10.Nc3 Nxd4 11.Qxd4 Bc5 12.Qh4 Bc6 13.Bg5 Qd4 14.e4 Nd7 
15.a3 O-O 16.b4 Qxc3 17.bxc5 Ne5 18.Be3 Rcd8 19.Rfc1 Qb2 20.Qh5 g6 21.Qg5 
f6 22.Qh4 Qe2 23.Qh3 f5 24.Kh1 Ng4 25.Rf1 Bxe4 26.Rae1 Bxg2+ 27.Qxg2 Qa6 
28.Bg5 Rd5 29.Be7 Re8 30.Bd6 Qc6 31.f3 Nf6 32.Be5 Nd7 33.Ba1 Rxc5 34.Qb2 
e5 35.Rd1 Nb6 36.Qb3+ Qe6 37.Qe3 Rd5 38.Rc1 Rd7 39.Rfe1 Qd5 40.Qe2 a6 41.
Kg1 Rde7 42.Red1 Qb3 43.Rc3 Qa4 44.Rd6 Nc8 45.Rd5 Rd7 46.Qa2 Rxd5 47.Qxd5+
Kf8 48.Rc7 Ne7 49.Qd6 Qb3 50.Bxe5 Qe3+ 51.Kg2 Qg5 52.f4 1-0

[Event "10th Asia-ch (women)"]
[Site "Kozhikode IND"]
[Date "2003.08.23"]
[Round "7.2"]
[White "Vijayalakshmi, Subbaraman"]
[Black "Harika, Dronavalli"]
[Result "1-0"]
[WhiteElo "2435"]
[BlackElo "2351"]
[EventDate "2003.08.17"]
[PlyCount "151"]

1.b3 d5 2.Bb2 Nf6 3.e3 e6 4.Nf3 Be7 5.d4 b6 6.Nbd2 Bb7 7.Bb5+ c6 8.Bd3 
Nbd7 9.Qe2 c5 10.Ne5 O-O 11.O-O Ne4 12.Nxe4 dxe4 13.Ba6 Bxa6 14.Qxa6 Nxe5 
15.dxe5 f5 16.exf6 Bxf6 17.Rad1 Qc8 18.Qxc8 Raxc8 19.Bxf6 gxf6 20.Rd6 Rce8
21.Rfd1 Rf7 22.Kf1 Kf8 23.Rc6 Rfe7 24.a4 Rb8 25.a5 Rbb7 26.Rdd6 bxa5 27.
Rxc5 a4 28.bxa4 Rb1+ 29.Ke2 Rh1 30.h3 Rh2 31.Rdc6 Rxg2 32.Rc8+ Kf7 33.R8c7
h6 34.Rxe7+ Kxe7 35.Rc7+ Kd6 36.Rxa7 Rh2 37.Ra6+ Kd7 38.a5 Rxh3 39.Ra8 Rh5
40.a6 Ra5 41.a7 Kc6 42.Re8 Rxa7 43.Rxe6+ Kd5 44.Rxf6 Rh7 45.Rf5+ Ke6 46.
Rh5 Kf6 47.c4 Rc7 48.c5 Kg6 49.Re5 h5 50.Kf1 Kh6 51.Ke2 Kg6 52.Ke1 Kh6 53.
Kf1 Rc8 54.Rxe4 Rxc5 55.Kg2 Rc1 56.Re6+ Kg5 57.Re5+ Kg6 58.f4 Ra1 59.e4 
Ra3 60.Rg5+ Kh6 61.e5 Rb3 62.Rg8 Kh7 63.Rg5 Kh6 64.Rf5 Kg6 65.Rf6+ Kg7 66.
f5 Rb5 67.Rg6+ Kf8 68.Re6 Rb3 69.Ra6 Rb5 70.Ra8+ Kg7 71.f6+ Kg6 72.Rg8+ 
Kf7 73.Rg7+ Ke6 74.Re7+ Kf5 75.f7 Rb2+ 76.Kh3 1-0

[Event "10th Asia-ch (women)"]
[Site "Kozhikode IND"]
[Date "2003.08.23"]
[Round "7.3"]
[White "Le Kieu Thien Kim"]
[Black "Xu Yuanyuan"]
[Result "1-0"]
[WhiteElo "2316"]
[BlackElo "2347"]
[EventDate "2003.08.17"]
[PlyCount "99"]

1.d4 d5 2.Nf3 Nf6 3.c4 c6 4.cxd5 cxd5 5.Nc3 Nc6 6.Bf4 a6 7.e3 Bf5 8.Be2 
Qb6 9.O-O e6 10.Na4 Qd8 11.Qb3 Na5 12.Qb6 Nd7 13.Qxd8+ Kxd8 14.Ne5 Nxe5 
15.Bxe5 Rc8 16.Rac1 Rc2 17.Rxc2 Bxc2 18.Nb6 Nc6 19.Bg3 Bb4 20.Rc1 Ba5 21.
Nxd5 Bf5 22.Nc3 Ke7 23.Na4 Rc8 24.Nc5 Nd8 25.a3 Be4 26.b4 Bb6 27.f3 Bc6 
28.Be1 Bc7 29.Bc3 f6 30.a4 Bd6 31.b5 axb5 32.axb5 Be8 33.Ba5 Nf7 34.Rc3 
Rb8 35.Bb6 e5 36.Ne4 exd4 37.exd4 Ra8 38.Nxd6 Nxd6 39.Rc7+ Ke6 40.h3 Ra2 
41.Bd3 Rb2 42.Bc5 Bxb5 43.Bxh7 Bd7 44.g4 b6 45.Ba3 Rb5 46.Bg8+ Ke7 47.d5 
Kf8 48.Rxd7 Kxg8 49.Rxd6 Rb3 50.Rd8+ 1-0

[Event "10th Asia-ch (women)"]
[Site "Kozhikode IND"]
[Date "2003.08.23"]
[Round "7.4"]
[White "Wang Yu"]
[Black "Hoang Thanh Trang"]
[Result "0-1"]
[WhiteElo "2357"]
[BlackElo "2458"]
[EventDate "2003.08.17"]
[PlyCount "58"]

1.Nf3 f5 2.e4 fxe4 3.Ng5 d5 4.d3 Qd6 5.Nc3 h6 6.Nb5 Qc6 7.dxe4 hxg5 8.exd5
Qd7 9.Bxg5 e5 10.dxe6 Qxe6+ 11.Be2 Bd6 12.Qd2 Nh6 13.O-O-O O-O 14.Nxd6 
cxd6 15.Kb1 Nf7 16.Bf3 Nc6 17.Bd5 Qg6 18.Rde1 Bf5 19.Bb3 Bxc2+ 20.Bxc2 
Qxg5 21.f4 Qh5 22.g4 Qh4 23.Re6 Rae8 24.Rhe1 Rxe6 25.Rxe6 Qxg4 26.Rg6 Qf3 
27.a3 Re8 28.Ka2 Re2 29.Qd1 Qf2 0-1

[Event "10th Asia-ch (women)"]
[Site "Kozhikode IND"]
[Date "2003.08.23"]
[Round "7.5"]
[White "Thipsay, Bagyashree Sathe"]
[Black "Zhang Jilin"]
[Result "1/2-1/2"]
[WhiteElo "2225"]
[BlackElo "2300"]
[EventDate "2003.08.17"]
[PlyCount "142"]

1.e4 c5 2.Nf3 d6 3.d4 cxd4 4.Nxd4 Nf6 5.Nc3 a6 6.Be2 e5 7.Nb3 Be7 8.O-O 
O-O 9.Kh1 b6 10.Be3 Bb7 11.f3 Qc7 12.Qd2 Nbd7 13.a4 Rac8 14.Rfd1 Rfd8 15.
Bf1 Nc5 16.Nxc5 dxc5 17.Qf2 h6 18.Bc4 Rxd1+ 19.Rxd1 Rd8 20.Qe2 Rxd1+ 21.
Qxd1 Qd8 22.Qe2 a5 23.Kg1 Nh5 24.Bd5 Bxd5 25.Nxd5 Bg5 26.g3 Nf6 27.Bxg5 
hxg5 28.c4 Qd7 29.Qd1 Kh8 30.Kg2 g4 31.fxg4 Nxe4 32.g5 Qe6 33.h4 Nd6 34.
Nxb6 Nf5 35.Qd8+ Kh7 36.Nd5 e4 37.Qxa5 e3 38.Qe1 Qe4+ 39.Kh2 Qd3 40.g4 e2 
41.Nf4 Qd6 42.gxf5 Qxf4+ 43.Kg1 Qd4+ 44.Kg2 Qe4+ 45.Kf2 Qxf5+ 46.Kxe2 Qe4+
47.Kd2 Qd4+ 48.Kc2 Qxc4+ 49.Qc3 Qxa4+ 50.Qb3 Qxh4 51.Qd3+ g6 52.Qd5 Qf2+ 
53.Kc3 Kg8 54.b3 Kh7 55.Kc4 Qc2+ 56.Kb5 Kg7 57.Qe5+ Kh7 58.Qd5 Kg7 59.Qe5+
Kh7 60.Qd5 Kg8 61.Qc4 Qxc4+ 62.Kxc4 f5 63.gxf6 g5 64.Kxc5 g4 65.Kd4 g3 66.
Ke3 Kf7 67.Kf3 Kxf6 68.Kxg3 Ke5 69.Kf3 Kd4 70.Kf4 Kc3 71.Ke3 Kxb3 1/2-1/2

[Event "10th Asia-ch (women)"]
[Site "Kozhikode IND"]
[Date "2003.08.23"]
[Round "7.6"]
[White "Tania, Sachdev"]
[Black "Sergeeva, Maria"]
[Result "1/2-1/2"]
[WhiteElo "2206"]
[BlackElo "2356"]
[EventDate "2003.08.17"]
[PlyCount "111"]

1.d4 Nf6 2.c4 g6 3.g3 Bg7 4.Bg2 O-O 5.Nc3 d6 6.Nf3 Nbd7 7.O-O e5 8.e4 exd4
9.Nxd4 Re8 10.h3 Nc5 11.Re1 h6 12.Rb1 Ne6 13.Nxe6 Bxe6 14.b3 Qd7 15.Kh2 
Ng4+ 16.hxg4 Bxc3 17.Rh1 Bxg4 18.f3 Be6 19.Bxh6 Qe7 20.Qd3 Qf6 21.Be3 Qg7 
22.Rbc1 Bf6 23.Kg1 a5 24.Kf1 g5 25.a4 Bd7 26.Kf2 Bc6 27.Rh2 Qg6 28.Rch1 
Bg7 29.Bd4 f6 30.Bh3 g4 31.Bxg4 Rxe4 32.fxe4 Qxg4 33.Rh4 Qe6 34.Qf3 Re8 
35.Re1 Qf7 36.Qf5 Bd7 37.Qxa5 c5 38.Ba1 f5 39.Bxg7 fxe4+ 40.Rf4 Qxg7 41.
Qd2 Qg6 42.Qd5+ Kg7 43.Rexe4 Bc6 44.Rg4 Rf8+ 45.Ke3 Bxd5 46.Rxg6+ Kxg6 47.
cxd5 Rf1 48.Rg4+ Kh6 49.Kd3 Kh5 50.Rf4 Rd1+ 51.Kc4 Kg5 52.a5 Rc1+ 53.Kd3 
Rb1 54.Kc4 Rc1+ 55.Kd3 Rb1 56.Ke4 1/2-1/2